| 000 | 00735nam a22002417a 4500 | ||
|---|---|---|---|
| 003 | LK-CoMWRAF | ||
| 005 | 20240118152444.0 | ||
| 008 | 240118b2011 |||||||| |||| 00| 0 eng d | ||
| 020 | _a 9781908176004 | ||
| 040 |
_aLK-CoMWRAF _dLK-CoMWRAF _eLK-CoMWRAF |
||
| 041 | _aeng | ||
| 082 |
_a363.34 _bSPH |
||
| 110 | _aSphere Project | ||
| 245 |
_a The Sphere Project : _bhumanitarian charter and minimum standards in humanitarian response |
||
| 250 | _a3rd ed. | ||
| 260 |
_aRugby: _bThe Sphere Project, _c2011 |
||
| 300 |
_a vi, 393 p. : ill. ; 21 cm _bIndex included |
||
| 650 | _aDisaster Planning- standards | ||
| 650 | _aDisaster relief | ||
| 650 | _aEmergency management | ||
| 650 | _aHumanitarian assistance | ||
| 942 | _cBK | ||
| 999 |
_c4651 _d4651 |
||